| 000 | 00858nmm a2200253 a 4500 | ||
|---|---|---|---|
| 001 | ocm0001083891 | ||
| 003 | TR-IsHL | ||
| 005 | 20201028151556.0 | ||
| 008 | 150709s2003 tu tur | ||
| 007 | cr cn | ||
| 035 |
_a1083891 _b(N$T) |
||
| 050 | 0 | 4 |
_aNA4670 _b.E94 2003 |
| 090 | 0 | 4 |
_aNA4670 _b.E94 2003 |
| 100 | 1 | _aEygi, Mehmet Şevket | |
| 245 | 1 | 0 |
_aYakın tarihimizde cami kıyımı _h[electronic resource] / _cMehmet Şevket Eygi |
| 260 |
_aİstanbul : _bTarih ve İbret yayınları, _c2003 |
||
| 300 | _a375 p. | ||
| 650 | 4 | _aFelsefe, Psikoloji ve Din | |
| 650 | 4 | _aPhilosophy, Psychology and Religion | |
| 650 | 0 |
_aMosques _x Turkey |
|
| 650 | 0 |
_aCamiler _x Türkiye |
|
| 650 | 7 |
_aARCHITECTURE / Buildings / Religious _2bisacsh |
|
| 856 | 4 | 0 | _uhttp://search.ebscohost.com/login.aspx?direct=true&scope=site&db=e011xww&AN=1083891 |
| 999 |
_c11076 _d11076 |
||